00658 2200229 4500001002100000005001500021035002000036007000300056008004100059020002200100082001000122084001600132100002000148245010000168260003700268300003200305700000900337504003200346651002800378990001100406990001100417INLIS00000000000373420190716085321 a0010-0719000152ta190716 g 0 ind  a978-979-29-6084-6 a658.3 a658.3 SIG m0 aSIGIT, Setyawan1 aMenyusun Leadership Training untuk Remaja :bPanduan untuk Guru /cSigit Setyawan; editor, Maya aYogyakarta :bAndi Offset,c2017 axii, 91 cm :bilus ;c23 cm0 aMAYA aBibligrafi.: hlm. 89- 91 4aMANAJEMEN. KEPEMIMPINAN a6875 a a6875 b